000 00705cam a22002291 4500
001 sa 68001692
003 DLC
005 20260227112436.0
008 850406s1967 ii 000 1 malx
010 _asa 68001692
020 _cRs4.00
025 _aPL480:I-Mal-1143
035 _a(OCoLC)13886520
040 _aDLC
_cNN
_dDLC
042 _apremarc
050 0 0 _aPL4718.9.V28
_bV4
100 1 _aVarkey, Muttathu,
_d1915-
245 1 0 _aVeḷutta katr̲īna,
_bnōval.
_c[Granthakarttā] Muṭṭattu Varkki.
260 _aKōṭṭayaṃ,
_bSāhityʼapr̲avarttaka Sahakaraṇasaṃghaṃ;
_b[Sales Dept.] Nāṣanal Bukkȧst̲t̲āḷ
_c[1967]
300 _a276 p.
_c19 cm.
500 _aIn Malayalam.
999 _c78154
_d78154